| 000 | 00582nam a2200193 4500 | ||
|---|---|---|---|
| 005 | 20230911104704.0 | ||
| 010 | _aENG-137991 | ||
| 020 |
_c300.00 _a8185883963 |
||
| 035 | _aEN-121523 | ||
| 037 | _bDBAD/PUB | ||
| 082 | _a181.432 | ||
| 100 |
_aJyotirmayananada, Swami _956128 |
||
| 245 |
_aYoga Vasistha/ _cBySwami Jyotirmayananda _hEnglish |
||
| 260 |
_aUttar Pradesh _bInternational Yoga Society _c2018 |
||
| 270 |
_bUttar Pradesh _aLal Bagh, Loni -201102 |
||
| 300 |
_a351p (paper bound) _c22cm(pbk) |
||
| 490 | _v4 | ||
| 942 |
_2ddc _cEN _h181.432 _mJYO _e1 |
||
| 999 |
_c197861 _d197861 |
||